000 00464nam a2200181Ia 4500
008 230711s9999||||xx |||||||||||||| ||und||
020 _a978-1-78242-232-7
041 _aENG
082 _a687.0688
_bRA-G
100 _aNayak,Rajkishore
245 0 _aGarment Manufacturing Technology
250 _a1st Ed.
260 _c2015
_aNew Delhi
_bWoodhead Publishing Pvt Ltd
300 _a481p.
650 _aTextile Engineering
700 _aPadhye,Rajiv
942 _cBK
999 _c6543
_d6543